000
00244nam a22001097a 4500
999
_c
261401
_d
261400
020
_a
9780060586874
100
_a
Ian Ogilvy
245
_a
Measles and the Wrathmonk
260
_a
New York
_b
Harpertrophy
_c
2004
300
_a
210 pgs
942
_c
BK